[Event "73rd MNE-ch 2021"]
[Site "Podgorica"]
[Date "2021.05.04"]
[Round "2.2"]
[White "Sukovic, Andrej"]
[Black "Draskovic, Luka"]
[Result "0-1"]
[WhiteElo "2283"]
[BlackElo "2472"]
[Annotator "TA"]
[PlyCount "172"]
[EventDate "2021.05.03"]
[EventType "swiss"]
[EventCountry "MNE"]
[SourceTitle "playchess.com"]
[Source "ChessBase"]
[SourceQuality "1"]

{[%evp 10,172,35,25,28,19,24,25,32,25,39,10,15,0,0,-11,-20,-22,0,0,0,-35,-46,-56,-46,-64,0,-14,0,0,-19,-98,-113,-101,-88,-79,-85,-106,-104,-116,-110,-109,-70,-112,-108,-110,-106,-147,-137,-143,-77,-69,-75,-107,-104,-143,-133,-158,-130,-143,-120,-112,-104,-222,-125,-222,-222,-210,-203,-216,-87,-124,-88,-137,-141,-357,-304,-281,-245,-292,-69,-163,-160,-148,-127,-131,-137,-215,-189,-223,-223,-215,-220,-223,-230,-230,-213,-202,-181,-61,-93,-52,-77,-221,-223,-223,-223,-226,-220,-226,0,0,0,-342,-28,-28,-28,-28,-8,-8,-14,-21,-21,-21,0,0,0,-8,-8,-8,-8,-8,-8,-8,-8,-8,-8,-8,-8,-8,-8,-8,-8,-8,-8,-8,-8,-8,0,-8,-8,-29970,-29976,-29973,-29977,-29975,-29978,-29978,-29980,-29983,-29984,-29984,-29985,-29985,-29986]} 1. e4 d6 2. d4 Nf6 3. Nc3 e5 4. Nf3 Nbd7 5. Bc4 Be7 6. O-O Nb6 {C41: Philidor Defence.} 7. Be2 exd4 8. Nxd4 O-O {White has an edge.} 9. a4 a5 10. Bf4 c6 11. Qd3 d5 12. e5 Ne8 13. b3 {[#]} g6 $146 ({Predecessor:} 13... Nc7 14. Rad1 Ne6 15. Nxe6 Bxe6 16. Qg3 Bh4 17. Qe3 Nd7 18. Bg3 Be7 19. Bd3 Bc5 {½-½ (58) Ducarmon,Q (2438)-Janev,E (2451) Bratto 2013}) 14. Bh6 Ng7 15. Bxg7 Kxg7 16. f4 f6 17. Kh1 Bb4 18. Na2 Bc5 19. Qc3 $1 {[%cal Rc3c5]} Qe7 20. Bd3 (20. exf6+ $1 $11 Rxf6 21. Rae1) 20... fxe5 $17 21. fxe5 Bxd4 22. Qxd4 c5 23. Qg1 Be6 24. Nc3 d4 25. Ne4 Nd5 26. Nf6 Nxf6 27. exf6+ Rxf6 28. Rxf6 Qxf6 29. Rf1 Qe7 (29... Qh4 $142 $1 30. Re1 Bd5) 30. Re1 Qd6 31. Be4 Rb8 32. Qf2 Rf8 33. Qd2 b6 34. Kg1 Bf7 35. Bd3 Re8 36. Rf1 (36. Rxe8 $17 {might work better.} Bxe8 37. Qg5) 36... Qe5 (36... Re3 $1 $19 37. Bb5 Be6) 37. Kh1 (37. Qf2 $17 {was worth a try.} Qe3 38. Qxe3 Rxe3 39. Rf3) 37... Bd5 $19 38. Qf2 Qd6 39. Qh4 Rf8 (39... Re3 $19 {is more deadly.} 40. Rd1 Qf6 41. Qxf6+ Kxf6) 40. Re1 Rf7 41. Qg5 Rf6 42. Re5 $2 {[#]} (42. h3 $17) 42... Re6 $1 43. Rxe6 Qxe6 44. h4 Be4 $2 (44... Qh3+ $1 $19 45. Kg1 Qe3+ 46. Qxe3 dxe3) 45. Bxe4 (45. Qg3 $15) 45... Qxe4 $15 {[%mdl 4096] Endgame KQ-KQ} 46. Qd8 Qe1+ ({But not} 46... Qxc2 $6 47. Qe7+ Kg8 48. Qe8+ Kg7 49. Qe7+ Kh6 50. Qg5+ Kg7 51. Qe7+ $11) 47. Kh2 Qe5+ 48. Kh1 (48. Kh3 $17 {keeps fighting.}) 48... Qf6 49. Qc7+ Kh6 50. Kg1 Qxh4 51. Qxb6 Qe1+ 52. Kh2 Qe5+ 53. Kg1 Qe3+ 54. Kh2 Qf4+ 55. Kh3 Qf5+ 56. Kh2 (56. g4 $17 {only move.} Qf3+ 57. Kh4) 56... Qxc2 $19 57. Qxa5 Qxb3 {White must now prevent ...Qd5.} 58. Qxc5 Qxa4 59. Kg3 Kg7 (59... Qd1 $19 {Strongly threatening ...Qe1+.} 60. Qf8+ Kh5 61. Qc5+ g5) 60. Qe7+ $11 Kg8 61. Kf4 $2 {[%mdl 8192]} (61. Qd8+ $11 {and White stays safe.} Kf7 62. Qd5+ Ke7 63. Qe5+ Kf7 64. Qd5+ Ke7 65. Qe5+ Kd7 66. Qd5+ Kc7 67. Qe5+ Kd8 68. Qg5+ Kc8 69. Qc5+ Kb8 70. Qd6+ Ka8 71. Qd8+ Ka7 72. Qe7+ Kb8 73. Qd8+ Kb7 74. Qe7+ Kc8 75. Qc5+ Kb8 76. Qd6+ Kc8 77. Qc5+) 61... Qc6 $2 (61... Qc4 $19 62. Kg3 Qb3+ 63. Kg4 h5+ 64. Kh4 Qe3) 62. Qd8+ $1 Kf7 63. Qxd4 Qf6+ (63... Qc7+ {feels hotter.} 64. Kg4 Qc8+ 65. Kh4 Qf5 66. Kg3 Qg5+) 64. Qxf6+ Kxf6 {KPP-KP} 65. Kg4 $1 h6 66. Kf4 $1 h5 (66... Kf7 {is interesting.} 67. Ke4 Ke6 68. g4 Kd6 69. Kd4 g5) 67. g3 $1 g5+ 68. Kf3 Kf7 (68... Kf5 $5) 69. Kf2 Ke7 {...Kd6 is the strong threat.} 70. Ke1 Kd6 (70... Kd7 {seems wilder.} 71. Kd1 Ke6 72. Ke2 g4 73. Ke3 Ke5) 71. Kd2 $1 Kc5 72. Ke3 Kd5 {aiming for ...Ke5.} (72... Kc4 $5) 73. Kd3 Ke5 (73... g4 $5) 74. Ke3 $1 Kf5 {( -> ...Kg4)} (74... g4 $5) 75. Kf3 $1 Kg6 76. Kg2 Kg7 {Black wants to play ...Kf6.} 77. Kg1 Kg8 (77... Kf6 $5 78. Kf2 $8 Kg7 $11) 78. Kg2 Kf7 {Threatens to win with ...Ke6.} 79. Kf1 Ke8 {Hoping for ...Kd7.} (79... Kf8 $5) 80. Ke1 $2 {[%mdl 8192]} (80. Kg2 $11 Ke7 81. Kh3 Kf6 82. Kg2 Ke5 83. Kf3 Kd4 84. Ke2 Ke4 85. Kf2 Kd3 86. Kf3 g4+ 87. Kf2 Kd2 88. Kg1 Ke1 89. Kg2 Ke2 90. Kg1 Kf3 91. Kf1 Kxg3 92. Ke1 h4 93. Kd2 h3 94. Ke2 h2 95. Ke3 h1=Q 96. Kd3 Kf4 97. Kc3 g3 98. Kd3 g2 99. Kd4 g1=Q+ 100. Kc4 Qe4+ 101. Kb3 Qb6+ 102. Kc3 Qbb4#) 80... Ke7 {Black mates.} 81. Kd1 Kf6 $1 82. Ke2 {[#]} Ke6 $1 {[%cal Re6f5]} 83. Ke3 Ke5 84. Kd3 {[#]} Kf5 $1 85. Ke2 Kg4 86. Kf2 Kh3 {Weighted Error Value: White=0.29/Black=0.22} 0-1

[Event "73rd MNE-ch 2021"]
[Site "Podgorica"]
[Date "2021.05.04"]
[Round "2.2"]
[White "Karisik, Nenad"]
[Black "Malisic, Miroslav"]
[Result "0-1"]
[WhiteElo "2123"]
[BlackElo "1832"]
[Annotator "NA"]
[PlyCount "104"]
[EventDate "2021.05.03"]
[EventType "swiss"]
[EventCountry "MNE"]
[SourceTitle "playchess.com"]
[Source "ChessBase"]
[SourceQuality "1"]

1. d4 d5 2. c4 Bf5 3. Nc3 e6 4. e4 dxe4 5. Nge2 Nf6 6. Ng3 Bg6 7. h4 h6 8. h5 Bh7 9. Qb3 b6 10. Bf4 Bd6 11. Be5 O-O 12. Rd1 Nbd7 13. c5 bxc5 14. Bxf6 Qxf6 15. Ncxe4 Bxe4 16. Nxe4 Qf4 17. Bd3 cxd4 18. g3 Qe5 19. Kf1 Nc5 20. f4 Qd5 21. Qxd5 exd5 22. Nxd6 Nxd3 23. Rxd3 cxd6 24. Rh2 Rac8 25. Rhd2 Rc4 26. Rxd4 Rxd4 27. Rxd4 Rb8 28. b3 Rb5 29. Ke2 Kf8 30. Kd3 Ke7 31. b4 Ke6 32. a4 Rb8 33. b5 Rc8 34. Rb4 Rc1 35. a5 Kd7 36. b6 axb6 37. axb6 Kc8 38. b7+ Kb8 39. f5 f6 40. Rb6 Rg1 41. Kd4 Rxg3 42. Kxd5 Rg5 43. Ke6 Rxh5 44. Rxd6 Rg5 45. Rb6 h5 46. Rb1 h4 47. Rb4 h3 48. Kf7 h2 49. Rh4 Rg2 50. Rxh2 Rxh2 51. Kxg7 Kxb7 52. Kxf6 Kc7 0-1

[Event "73rd MNE-ch 2021"]
[Site "Podgorica"]
[Date "2021.05.04"]
[Round "2.3"]
[White "Kalezic, Blazo"]
[Black "Scekic, Veljko"]
[Result "1-0"]
[WhiteElo "2456"]
[BlackElo "2224"]
[Annotator "ChessBase"]
[PlyCount "101"]
[EventDate "2021.05.03"]
[EventType "swiss"]
[EventCountry "MNE"]
[SourceTitle "playchess.com"]
[Source "ChessBase"]
[SourceQuality "1"]

1. e4 e5 2. Bc4 Nf6 3. d3 Nc6 4. Nf3 Be7 5. O-O O-O 6. c3 d5 7. exd5 Nxd5 8. h3 Bf5 9. Re1 Bf6 10. Bb5 Re8 11. Nbd2 Nde7 12. Ne4 Bxe4 13. dxe4 Qxd1 14. Rxd1 Red8 15. Be3 a6 16. Be2 Rxd1+ 17. Rxd1 Rd8 18. Rxd8+ Nxd8 19. a4 Nc8 20. g3 Nd6 21. Nd2 Be7 22. a5 Kf8 23. Kf1 Ke8 24. Ke1 Nc6 25. b4 g6 26. Kd1 Kd8 27. Kc2 h5 28. h4 Ke8 29. Kd3 Kd8 30. Nc4 Nxc4 31. Kxc4 Bd6 32. Bf1 Ne7 33. Bh3 Nc8 34. Bg5+ Ne7 35. Bf6 b6 36. f4 b5+ 37. Kd3 c6 38. Bxe5 Bxe5 39. fxe5 c5 40. e6 f6 41. e5 fxe5 42. bxc5 Nc6 43. Ke4 Ke7 44. Kd5 Nxa5 45. c6 Nc4 46. c7 Nd6 47. Kxe5 a5 48. Bg2 a4 49. Bd5 a3 50. Ba2 Nc8 51. Kd5 1-0

[Event "73rd MNE-ch 2021"]
[Site "Podgorica"]
[Date "2021.05.04"]
[Round "2.3"]
[White "Obadovic, Zeljko"]
[Black "Abramovic, Dragoljub"]
[Result "0-1"]
[WhiteElo "1788"]
[BlackElo "2012"]
[Annotator "NA"]
[PlyCount "102"]
[EventDate "2021.05.03"]
[EventType "swiss"]
[EventCountry "MNE"]
[SourceTitle "playchess.com"]
[Source "ChessBase"]
[SourceQuality "1"]

1. e4 Nc6 2. d4 d5 3. e5 Bf5 4. Bb5 e6 5. Nf3 h6 6. a3 Nge7 7. Be3 a6 8. Be2 Na5 9. Nbd2 Bg4 10. b4 Nac6 11. c4 dxc4 12. h3 Bxf3 13. Nxf3 b5 14. O-O Nd5 15. Qc2 Be7 16. Nd2 Bg5 17. Bxg5 hxg5 18. Qe4 Rh4 19. Bg4 Qd7 20. Nf3 Rh6 21. Nxg5 O-O-O 22. Rac1 Kb7 23. f4 g6 24. Rfd1 Kb6 25. Nf3 Nce7 26. Re1 Nf5 27. Kf2 Rhh8 28. Ng1 Nde7 29. Red1 Qc6 30. Bxf5 gxf5 31. Qxc6+ Nxc6 32. Nf3 Rd7 33. h4 Ne7 34. g3 Nd5 35. Nh2 Ra8 36. Kf3 a5 37. bxa5+ Rxa5 38. Ra1 Rd8 39. g4 Rh8 40. h5 fxg4+ 41. Kxg4 Ne3+ 42. Kg5 Nxd1 43. h6 Ne3 44. Nf3 b4 45. Kf6 Rxh6+ 46. Kxf7 Rxa3 47. Rb1 Nd5 48. f5 Rxf3 49. f6 Rhxf6+ 50. exf6 Rxf6+ 51. Kg7 c3 0-1

[Event "73rd MNE-ch 2021"]
[Site "Podgorica"]
[Date "2021.05.04"]
[Round "2.4"]
[White "Vujacic, Igor"]
[Black "Tomic, Aleksandar"]
[Result "1/2-1/2"]
[WhiteElo "2207"]
[BlackElo "2377"]
[Annotator "TA"]
[PlyCount "97"]
[EventDate "2021.05.03"]
[EventType "swiss"]
[EventCountry "MNE"]
[SourceTitle "playchess.com"]
[Source "ChessBase"]
[SourceQuality "1"]

{[%evp 17,97,0,0,0,0,-20,-11,-8,35,28,40,45,95,30,40,8,57,59,64,64,50,60,65,56,62,56,82,-31,-22,-20,-21,-17,-17,-17,-12,-15,-19,-44,-48,-42,-7,-84,-42,-71,-33,-35,-25,-27,0,0,0,0,0,0,0,0,0,0,0,0,0,0,0,0,0,0,0,0,0,0,0,0,0,0,0,0,0,0,0,0,0,0]} 1. e4 e5 2. Nf3 Nc6 3. d4 exd4 4. Nxd4 Bc5 5. Nxc6 Qf6 6. Qd2 dxc6 7. Nc3 Ne7 8. Qf4 Be6 9. Qxf6 gxf6 {[#]} 10. f3 $146 {C45: Scotch Game.} ({Predecessor:} 10. Na4 Bb4+ 11. Bd2 Bxd2+ 12. Kxd2 O-O-O+ 13. Bd3 b6 14. Rae1 c5 15. Kc1 Nc6 16. a3 Nd4 17. Nc3 Rhg8 18. g3 Nb3+ 19. Kb1 Nd2+ 20. Kc1 Nb3+ {½-½ (20) Rublevsky,S (2655)-Aleksandrov,A (2679) Poikovsky 2004}) 10... O-O-O 11. Bd3 Rhg8 12. g3 f5 13. Bd2 Bd4 14. O-O-O fxe4 15. Bxe4 ({Better is} 15. Nxe4 $16 Bxa2 16. b3) 15... Ng6 $11 16. Rde1 Rge8 17. f4 {Strongly threatening f5.} Bg4 18. h3 Bd7 19. f5 Ne7 20. g4 c5 21. Nd5 Ng8 22. c3 (22. c4 $16) 22... Bf2 $15 23. Re2 {[#]} Bb5 $1 24. Rxf2 {Black must now prevent Bg2.} Rxe4 25. Nf4 Ra4 26. a3 Nf6 {Hoping for ...Ne4.} 27. Nh5 Nxh5 28. gxh5 Rg8 29. h4 (29. Re1 $11 {keeps the balance.}) 29... f6 30. b3 Re4 31. c4 Bc6 32. Rh3 Rgg4 33. Bc3 {The position is equal.} Ref4 34. Rxf4 Rxf4 35. Bxf6 Rxf5 $11 {[%mdl 4096] Endgame KRB-KRB} 36. Bg5 Rf1+ 37. Kb2 Bf3 38. h6 Rf2+ 39. Kc1 b6 40. Be3 Rf1+ 41. Kb2 Be4 42. Bg5 Rf2+ 43. Kc1 a5 44. Re3 Bc2 (44... Rc2+ {keeps more tension.} 45. Kd1 Bf5 46. a4 Rb2 47. Kc1 Rb1+) 45. a4 Kd7 46. Rc3 Bg6 47. Re3 Rf1+ 48. Kd2 Rf2+ 49. Kc1 {Weighted Error Value: White=0.12/Black=0.10} 1/2-1/2

[Event "73rd MNE-ch 2021"]
[Site "Podgorica"]
[Date "2021.05.04"]
[Round "2.4"]
[White "Dedeic, Huso"]
[Black "Sabotic, Denis"]
[Result "1-0"]
[WhiteElo "1980"]
[BlackElo "1737"]
[Annotator "NA"]
[PlyCount "95"]
[EventDate "2021.05.03"]
[EventType "swiss"]
[EventCountry "MNE"]
[SourceTitle "playchess.com"]
[Source "ChessBase"]
[SourceQuality "1"]

1. e4 c5 2. Nf3 Nc6 3. Nc3 a6 4. g3 Nf6 5. e5 Ng4 6. Qe2 e6 7. d3 Qc7 8. Bf4 b5 9. h3 Nh6 10. Ne4 Nf5 11. c3 Bb7 12. g4 d5 13. exd6 Bxd6 14. Bxd6 Nxd6 15. Nxc5 b4 16. Bg2 bxc3 17. bxc3 Qa5 18. Nxb7 Qxc3+ 19. Qd2 Qxa1+ 20. Ke2 Qf6 21. Nxd6+ Kd7 22. Ne4 Qe7 23. Rc1 Rhc8 24. Neg5 f6 25. Ne4 Rab8 26. Qe3 Rb2+ 27. Nfd2 Ke8 28. Nc5 e5 29. Bxc6+ Rxc6 30. a4 g6 31. Kf1 Rxd2 32. Qxd2 Rxc5 33. Rb1 Qc7 34. Kg2 g5 35. Qa2 Qc6+ 36. Kh2 Rd5 37. Rb8+ Ke7 38. Qb1 Qxa4 39. d4 Rd7 40. Qxh7+ Kd6 41. dxe5+ Kc7 42. Qb1 Qf4+ 43. Kg2 Qa4 44. Kh2 Qc6 45. e6 Rd1 46. Qxd1 Kxb8 47. Qb1+ Kc7 48. Qc1 1-0

[Event "73rd MNE-ch 2021"]
[Site "Podgorica"]
[Date "2021.05.04"]
[Round "2.5"]
[White "Potpara, Nikola"]
[Black "Vujovic, Savo"]
[Result "1-0"]
[WhiteElo "2370"]
[BlackElo "2167"]
[Annotator "NA"]
[PlyCount "77"]
[EventDate "2021.05.03"]
[EventType "swiss"]
[EventCountry "MNE"]
[SourceTitle "playchess.com"]
[Source "ChessBase"]
[SourceQuality "1"]

1. Nf3 Nf6 2. g3 g6 3. Bg2 Bg7 4. O-O O-O 5. c4 Nc6 6. Nc3 e5 7. d3 d6 8. Rb1 a5 9. a3 h6 10. b4 axb4 11. axb4 Nh5 12. b5 Ne7 13. Qb3 Kh7 14. Bb2 f5 15. Ra1 Rb8 16. Nd2 Be6 17. Nd5 c6 18. Nxe7 Qxe7 19. Ra7 Qd8 20. Ba3 Qb6 21. Qa4 cxb5 22. Rb1 Ra8 23. Rxa8 bxa4 24. Rxb6 Rxa8 25. Bxb7 Ra7 26. Nb1 e4 27. Ba6 exd3 28. exd3 f4 29. Bxd6 Bf5 30. c5 a3 31. Nxa3 Bxd3 32. Bxd3 Rxa3 33. Bb1 Rc3 34. Bxg6+ Kxg6 35. Be5+ Kf5 36. Bxc3 Bxc3 37. c6 fxg3 38. c7 gxf2+ 39. Kf1 1-0

[Event "73rd MNE-ch 2021"]
[Site "Podgorica"]
[Date "2021.05.04"]
[Round "2.5"]
[White "Popovic, Mateja"]
[Black "Jeknic, Velimir"]
[Result "1-0"]
[WhiteElo "1712"]
[BlackElo "1956"]
[Annotator "NA"]
[PlyCount "67"]
[EventDate "2021.05.03"]
[EventType "swiss"]
[EventCountry "MNE"]
[SourceTitle "playchess.com"]
[Source "ChessBase"]
[SourceQuality "1"]

1. d4 Nf6 2. Nf3 g6 3. Bg5 Bg7 4. Nbd2 d6 5. c3 O-O 6. e4 Nc6 7. Bd3 h6 8. Bxf6 Bxf6 9. O-O e5 10. d5 Ne7 11. c4 Bg7 12. b4 f5 13. c5 f4 14. Qb3 g5 15. h3 Ng6 16. Nh2 h5 17. Be2 f3 18. Bxf3 Nf4 19. Qd1 Qe8 20. cxd6 cxd6 21. Kh1 Qg6 22. g3 Nxh3 23. Bxh5 Qh6 24. Kg2 Qf6 25. f3 Qh6 26. Bg4 Rf4 27. Bxc8 Rxc8 28. Ng4 Rxg4 29. fxg4 Rc3 30. Rh1 Rxg3+ 31. Kxg3 Qh4+ 32. Kg2 Nf4+ 33. Kf3 Nh3 34. Qf1 1-0

[Event "73rd MNE-ch 2021"]
[Site "Podgorica"]
[Date "2021.05.04"]
[Round "2.6"]
[White "Popadic, Dragan"]
[Black "Podlesnik, Bogdan"]
[Result "1-0"]
[WhiteElo "2157"]
[BlackElo "2356"]
[Annotator "NA"]
[PlyCount "61"]
[EventDate "2021.05.03"]
[EventType "swiss"]
[EventCountry "MNE"]
[SourceTitle "playchess.com"]
[Source "ChessBase"]
[SourceQuality "1"]

1. e4 e6 2. Nf3 c5 3. b4 cxb4 4. d4 d5 5. e5 Nc6 6. a3 bxa3 7. c3 f5 8. Bd3 a6 9. g4 g6 10. gxf5 exf5 11. Nxa3 Nh6 12. Bg5 Qd7 13. O-O Nd8 14. c4 Bxa3 15. Rxa3 Nhf7 16. Bf6 O-O 17. Qb3 f4 18. Kh1 dxc4 19. Bxc4 b5 20. Bd5 Rb8 21. Rg1 Ne6 22. Qd3 Re8 23. Rxg6+ Kf8 24. Bxe6 Rxe6 25. Rg7 Rxf6 26. exf6 Rb6 27. Qxh7 Rxf6 28. Ne5 Qd5+ 29. f3 Be6 30. Rxa6 Qxd4 31. Ra8+ 1-0

[Event "73rd MNE-ch 2021"]
[Site "Podgorica"]
[Date "2021.05.04"]
[Round "2.6"]
[White "Koljevic, Nikolina"]
[Black "Lakusic, Zoran"]
[Result "1-0"]
[WhiteElo "1931"]
[BlackElo "1693"]
[Annotator "TA"]
[PlyCount "149"]
[EventDate "2021.05.03"]
[EventType "swiss"]
[EventCountry "MNE"]
[SourceTitle "playchess.com"]
[Source "ChessBase"]
[SourceQuality "1"]

{[%evp 12,149,46,27,52,57,50,38,20,12,39,25,30,-47,-38,-60,70,64,74,26,25,25,129,25,30,0,1,0,0,0,0,-31,-22,-17,-30,-26,0,0,23,0,0,0,0,0,0,0,23,0,0,-50,-45,-45,-38,-45,-46,-82,-60,-99,-93,-91,-11,-12,-6,-877,-15,-220,-33,-123,-112,-85,-87,-126,-80,-75,-81,-73,0,0,0,0,50,50,60,45,75,36,104,50,92,52,65,31,57,23,197,10,10,10,10,10,30,30,30,29,125,124,300,296,484,477,758,730,5102,5102,5093,5085,4974,4889,2002,1567,852,881,784,453,447,406,406,406,546,548,712,649,726,688,596,564,874,822,816,815]} 1. e4 e5 2. Nf3 Nf6 3. Nc3 Nc6 4. Bb5 d6 5. d4 exd4 6. Nxd4 Bd7 7. Be3 a6 {C62: Ruy Lopez: Steinitz Defence.} 8. Bxc6 bxc6 9. O-O Be7 {White is slightly better.} 10. f3 {[#]} Rb8 $146 ({Predecessor:} 10... Qc8 11. Qd2 Rb8 12. b3 O-O 13. Rad1 Nh5 14. Nde2 f5 15. Bg5 Qd8 16. Bxe7 Qxe7 17. exf5 {0-1 (67) Sanchez Crespo,I-Hevia Sueiro,A Vila de Padron 2000}) 11. Qd3 c5 12. Nf5 (12. Nb3 $11) 12... Bxf5 $15 13. exf5 Qc8 (13... Rxb2 $15 14. Qxa6 O-O) 14. Rfe1 O-O 15. Bxc5 dxc5 16. Rxe7 c6 (16... Rxb2 $11 17. Na4 Rd8) 17. Rd1 (17. b3 $16) 17... Rxb2 $11 18. Re5 c4 19. Qxc4 Rxc2 20. Qb3 Qc7 {Strongly threatening ...Rxg2+!} 21. Ree1 Qa7+ 22. Kh1 Qf2 {[%csl Gc2][%cal Rf2g2]} 23. Rg1 Rb2 24. Qa3 Rfb8 25. Qd6 {Black must now prevent Ne4.} h5 26. Na4 R2b4 27. a3 R4b5 28. Nc3 Rb2 29. Na4 R2b5 30. Rd2 Qe3 31. Rd3 Qe5 $40 {[%mdl 128] White needs to defend precisely.} 32. Qxc6 Qxf5 33. Rdd1 a5 34. Rge1 Rc8 35. Qd6 Qc2 (35... Rc2 $17 36. Rc1 Rxc1 37. Rxc1 Qc2 $1) 36. Nb6 $1 {[%cal Rb6c8]} Rb2 {[%csl Gb2][%cal Rc2g2]} (36... Re8 {feels hotter.} 37. h3 Kh7 38. Rc1 Rxe1+ 39. Rxe1 Rb2) 37. Rd2 {[%mdl 8192] [#]} Rb1 $2 38. Red1 {[#]} (38. Rdd1 $1 $11 {and White stays safe.} Rxd1 39. Qxd1 Qxd1 40. Rxd1) 38... Rxd1+ ({Black should play} 38... Re8 $1 $19 {[%mdl 512] ( -> ...Re1+)} 39. h4 Rxd1+ 40. Rxd1 Re6 41. Qd8+ Kh7) 39. Rxd1 $17 {[#]} Rc6 {[%cal Rc6d6]} 40. Qd8+ Kh7 {...Rxb6! is the strong threat.} 41. Rg1 Qb2 42. Qd3+ g6 43. Nd5 Nxd5 (43... Rc5 $17 44. Qb1 Qe5 45. Nxf6+ Qxf6) 44. Qxd5 {[%mdl 4160] Endgame Double Attack. KQR-KQR} Rf6 45. Qxa5 h4 46. Qb4 Qf2 47. h3 Qg3 48. Qg4 Qf2 (48... Qxg4 $14 49. fxg4 Ra6) 49. Rd1 ({White should try} 49. a4 $16) 49... Kh6 50. Kh2 g5 51. Rd5 Qe3 52. Qd4 (52. a4 {with more complications.} Qf4+ 53. Qxf4 Rxf4 54. a5 Kg6 55. Kg1) 52... Qe6 (52... Qf4+ $11 53. Qxf4 Rxf4) 53. Qe5 $2 (53. Qc5 $18) 53... Qxe5+ $11 54. Rxe5 {KR-KR} Ra6 55. Re3 f5 56. Kg1 Kh5 57. Kf2 f4 (57... g4 $11) 58. Rd3 $16 Rb6 $2 (58... Kg6 $16 {was worth a try.}) 59. Rd2 $18 Rb3 $2 {[#]} (59... Kg6 60. a4 Ra6) 60. Ra2 $1 Kg6 (60... Rb5 $142 61. a4 Ra5) 61. a4 {[%cal Ba3a4,Ba4a5][%mdl 32]} Rb6 62. a5 Ra6 63. Ke2 Kf6 64. Kd3 Ke5 65. Kc4 Kd6 66. Kb5 Ra8 67. Rd2+ Kc7 68. Rc2+ Kb7 69. Rc5 Rg8 70. Kc4 {White is clearly winning.} Ka6 71. Kd4 Rd8+ 72. Ke4 Re8+ 73. Re5 Rg8 74. Kf5 Rf8+ 75. Kg4 {Never resign too early!  Weighted Error Value: White=0.40/Black=0.55} 1-0

[Event "73rd MNE-ch 2021"]
[Site "Podgorica"]
[Date "2021.05.04"]
[Round "2.7"]
[White "Pecurica, Milos"]
[Black "Djurovic, Peko"]
[Result "1/2-1/2"]
[WhiteElo "2328"]
[BlackElo "2058"]
[Annotator "TA"]
[PlyCount "225"]
[EventDate "2021.05.03"]
[EventType "swiss"]
[EventCountry "MNE"]
[SourceTitle "playchess.com"]
[Source "ChessBase"]
[SourceQuality "1"]

{[%evp 22,225,32,4,81,73,72,72,77,77,78,60,63,59,41,20,6,8,17,18,93,41,42,49,106,40,83,16,72,22,20,27,20,26,30,34,39,37,25,25,50,50,85,84,113,109,178,111,111,102,115,123,132,115,119,123,184,154,189,166,181,146,141,45,51,35,39,43,49,43,52,0,0,0,10,16,218,218,218,218,218,218,210,210,208,196,278,210,260,7,7,7,7,7,8,7,7,7,7,7,7,7,7,7,7,7,7,7,7,7,7,7,7,7,7,7,7,7,7,7,8,7,8,7,7,7,7,0,0,0,0,0,7,7,8,8,8,8,8,8,8,8,8,8,8,0,8,8,8,8,8,8,8,8,8,8,8,8,8,8,8,0,8,8,8,8,8,8,8,8,8,8,8,8,8,8,8,8,8,8,8,8,8,8,8,8,8,0,0,0,0,0,8,0,8,0,8,8,8,8,8,8,8,8,8,8]} 1. e4 c5 2. Nf3 Nc6 3. d4 cxd4 4. Nxd4 Nf6 5. Nc3 e5 6. Ndb5 d6 7. Bg5 a6 8. Na3 b5 9. Bxf6 gxf6 10. Nd5 Bg7 11. g3 f5 12. Bg2 Ra7 {B33: Sicilian: Pelikan and Sveshnikov Variations.} (12... f4 $11) 13. exf5 $1 $16 Bxf5 14. Ne3 Ne7 {White is better.} 15. Nxf5 Nxf5 {[#]} 16. Qg4 $146 ({Predecessor:} 16. Bc6+ Kf8 17. O-O Ne7 18. Bg2 d5 19. c4 bxc4 20. Nxc4 Rd7 21. Ne3 h5 22. h4 {½-½ (47) Mustafina,D (1834)-Kuleshenko,V (2041) Voronezh 2008}) 16... Qf6 17. Bc6+ Kf8 18. Be4 Ne7 19. c4 bxc4 (19... h5 $5 {[%cal Rh5g4]} 20. Qe2 Qe6 $11) 20. Nxc4 {Threatens to win with Rd1.} Rc7 (20... h5 $1 $11 21. Qd1 d5) 21. Ne3 (21. Nb6 $16 Qe6 22. Qf3) 21... h5 $14 22. Qe2 Qe6 ({Black should play} 22... Bh6 $14) 23. Qxa6 (23. Rd1 $16) 23... f5 {[#]} 24. Bg2 (24. Qb6 $1 $16 Rd7 (24... Rc8 25. Bb7) 25. Bc6 Nxc6 26. Qxc6) 24... f4 {[#]} (24... e4 $11 {remains equal.}) 25. Nd5 $1 {[%mdl 64] Decoy} Nxd5 26. Qa8+ {[%mdl 64] Double Attack} Ke7 27. Qxd5 Rb8 28. Qe4 Qc4 29. Qxc4 Rxc4 30. b3 Rc3 31. Bd5 Rb5 32. Rd1 Rc2 33. a4 Rbc5 (33... Rb8 $16) 34. O-O ({White should try} 34. b4 $18 R5c3 35. b5) 34... Rb2 $16 35. Bc4 h4 36. gxf4 exf4 37. Kg2 Rg5+ 38. Kf3 Be5 (38... Bc3 $16 {was called for.} 39. h3 (39. Kxf4 Rg2 $16) 39... Bd2) 39. h3 Rc2 40. Rc1 Rb2 41. a5 Bd4 42. Rcd1 ({Don't do} 42. Kxf4 $6 Rxa5 43. Rce1+ Re5 $14) ({Better is} 42. Rce1+ $16 Kd7 43. a6 (43. Kxf4 Rxa5 44. Re2 Rxe2 $14)) 42... Bxf2 $1 $14 43. a6 Be3 44. Rd5 Rxd5 45. Bxd5 {[%mdl 4096] Endgame KRB-KRB} Ra2 46. Bc4 (46. Bb7 $1 $14) 46... d5 $1 $11 {[%cal Rd5c4]} 47. Bd3 Rb2 48. Ra1 {Hoping for a7.} Rxb3 $2 {[#]} (48... Ba7 $11 {and Black is okay.}) 49. a7 $1 $18 Bxa7 50. Rxa7+ {KRB-KR} Kf6 51. Ke2 Rb2+ {[#]} 52. Ke1 $1 Rh2 53. Bf1 d4 (53... Rb2 {might work better.} 54. Be2 Ke5) 54. Rh7 d3 {[#]} 55. Rxh4 $2 (55. Rd7 $1 $18) 55... d2+ $11 {The position is equal.} 56. Kd1 Ke5 57. Be2 Rf2 58. Rg4 f3 59. Bd3 Rh2 60. Re4+ Kd5 61. Rf4 Rxh3 62. Kxd2 Ke5 63. Rf8 Rh2+ 64. Ke3 f2 65. Bf1 Ke6 66. Kf3 Rh6 67. Ra8 {Black must now prevent Ra6+.} Rf6+ 68. Ke2 Ke5 69. Ra3 Kd4 70. Bg2 Kc4 (70... f1=R {looks sharper.} 71. Bxf1 Kc5 72. Bg2 Re6+ 73. Kd3 Rb6) 71. Bf3 Kb4 (71... f1=R {is interesting.} 72. Kxf1 Kd4 73. Kf2 Ke5 74. Ra5+ Kf4) 72. Re3 (72. Ra1 {seems wilder.} Kc5 73. Kxf2 Rb6 74. Rd1 Rb3 75. Be4) 72... Kc5 73. Kxf2 Rb6 74. Re5+ Kd6 75. Rd5+ Ke6 76. Ra5 Rd6 77. Ke3 Kf6 78. Kf4 Ke7 79. Be4 Kf6 80. Rf5+ Ke7 81. Rh5 Kf6 82. Rh7 Re6 83. Bd5 {Threatening mate with Rh6+.} Rd6 (83... Re1 {with more complications.} 84. Rh1 Re2 85. Rh5 Rf2+ 86. Ke4 Rf1) 84. Ke4 Kg6 85. Re7 (85. Rh1 {keeps more tension.} Rf6 86. Rg1+ Kh6 87. Ke5 Rg6 88. Rh1+) 85... Kf6 (85... Ra6 {looks sharper.} 86. Ke5 Ra5 87. Re8 Rb5 88. Rg8+ Kh5) 86. Rf7+ Kg6 87. Rf5 Rf6 88. Re5 Rd6 89. Re8 Kf6 90. Rf8+ Kg7 91. Rf7+ Kg6 92. Rf1 Rf6 93. Rg1+ Kh6 94. Ke5 $1 {[%cal Re5f6]} Rg6 95. Rh1+ Kg5 96. Be6 Rg7 $1 97. Rh2 Rg6 98. Bf7 $1 Rg7 99. Rf2 (99. Ba2 {is more complex.} Re7+ 100. Be6 Rg7 101. Rf2 Kg6 102. Rf8) 99... Kh6 100. Kf6 {[%cal Rf2h2]} Rg6+ $1 101. Kf5 Rg5+ 102. Kf4 Rb5 103. Be6 Kg7 104. Bf5 Kf6 105. Be4 Rb6 106. Rg2 {Intending Rg6+ and mate.} (106. Bh1 {is more complex.} Kg7 107. Rg2+ Kf6 108. Rf2) 106... Rd6 (106... Rb8 {feels hotter.} 107. Bc2 Rb4+ 108. Ke3 Rb2 109. Rf2+ Kg7) 107. Rh2 Re6 108. Bf5 {Rh6+ would kill now.} Re7 109. Rh6+ Kg7 110. Kg5 Rf7 111. Be6 Rc7 112. Rg6+ Kf8 113. Kf6 {[%csl Ge6][%cal Rg6g8] Black defended with fortune.  Weighted Error Value: White=0.22/Black=0.27} 1/2-1/2